000 00700nam a2200181Ia 4500
008 100921s9999 xx 000 0 und d
082 _b25610
_a891.463 थ 89
100 _aमंगेशकर गीता.
245 _aसुडात रूजली प्रीती.
260 _bचंद्र्र्रनाथ प्रकाशन,.
_c1989
300 _a175
_bरसिक साहित्य,पुणे
365 _b70
520 _aललित-कादंबरी.
630 _aसुडात रूजली प्रीती.
650 _aललित-कादंबरी.
730 _aसुडात रूजली प्रीती.
942 _cBOOK
999 _c774723
_d774720